Arrondissements de Centre-Val de Loire par population - Statistiques

Statistiques générales
  • Ce quiz a été pris 59 fois
  • Le résultat moyen est 13 sur 20
Statistiques - réponses
Population Arrondissement % Correct
45 453 067 Orléans
100%
37 392 030 Tours
98%
18 170 322 Bourges
92%
28 209 632 Chartres
92%
41 151 096 Blois
82%
45 168 666 Montargis
80%
36 126 377 Châteauroux
74%
28 129 336 Dreux
72%
36 32 694 Issoudun
56%
18 68 137 Vierzon
56%
41 110 000 Romorantin-Lanthenay
54%
45 62 828 Pithiviers
52%
41 67 408 Vendôme
50%
28 57 387 Châteaudun
48%
36 30 501 Le Blanc
48%
37 116 590 Loches
48%
36 27 656 La Châtre
46%
37 103 540 Chinon
44%
18 61 114 Saint-Amand-Montrond
44%
28 34 922 Nogent-le-Rotrou
36%
Aucun quiz correspondant
Distribution des résultats
% des personnes avec chaque résultat
Percentile par nombre de réponses
Votre historique - résultats
Vous n’avez pas pris ce quiz